000 00638nam a22001937a 4500
999 _c170536
_d170536
005 20191217142742.0
010 _aA-998717
020 _c500.00
035 _aA-998717
037 _bBPPD/Pub.
082 _a841
100 _aصدیفی ، فادر
245 _aجمنا سے زمزم تک (حصہ اول) /
_cقادر صدیقی
246 _ajamna se Zam Zam Tak vol.I (Urdu) /
_bby Qadir Siddiqui
260 _aلکھنو
_bکیف جاوید صیدیقي
_c1999 ء
270 _a226/80- انوار باغ ۔ سبھاش مارگ
_bلکھنو
_e3
300 _a472p.
_c21cm(Hb)
942 _2ddc
_cUR
_h841
_mص د ی